000 01036cam a2200301 i 4500
001 20648068
003 OSt
005 20250610132259.0
008 180828s2020 mau b 001 0 eng
010 _a 2018956380
020 _a9789355731074
040 _aDLC
_beng
_erda
_cDLC
042 _apcc
050 0 0 _aHB139
_b.W665 2020
082 _a330.015195
_bWOO/I
100 1 _aWooldridge, Jeffrey M.,
_d1960-
_eauthor.
_910557
245 1 0 _aIntroductory econometrics :
_ba modern approach /
_cJeff M. Wooldridge, Michigan State University.
250 _aSeventh edition.
264 1 _aBoston, MA :
_bCengage Learning,
_c[2020]
300 _axxii, 826 pages ;
_c26 cm
336 _atext
_btxt
_2rdacontent
337 _aunmediated
_bn
_2rdamedia
338 _avolume
_bnc
_2rdacarrier
504 _aIncludes bibliographical references (pages 791-796) and index.
650 0 _aEconometrics.
650 0 _aEconometrics
_vProblems, exercises, etc.
942 _2ddc
_cBK
_h330.015195
_iWOO/I
_k330.015195
_mWOO/I
999 _c44551
_d44551